Principles Of Digital Communication (Record no. 291420)

MARC details
000 -LEADER
fixed length control field 00526nam a2200169Ia 4500
008 - FIXED-LENGTH DATA ELEMENTS--GENERAL INFORMATION
fixed length control field 230718s9999 xx 000 0 und d
020 ## - INTERNATIONAL STANDARD BOOK NUMBER
International Standard Book Number 9780852261507
041 ## - LANGUAGE CODE
Language code of text/sound track or separate title eng
082 ## - DEWEY DECIMAL CLASSIFICATION NUMBER
Classification number 621.38
Item number DAS
100 ## - MAIN ENTRY--PERSONAL NAME
Personal name Das J.
9 (RLIN) 158443
245 ## - TITLE STATEMENT
Title Principles Of Digital Communication
Remainder of title Signal Representation, Detection Estimation And Inforamation Coding
260 ## - PUBLICATION, DISTRIBUTION, ETC. (IMPRINT)
Date of publication, distribution, etc. 1992
Name of publisher, distributor, etc. Wiley And Sons
300 ## - PHYSICAL DESCRIPTION
Extent 638
365 ## - TRADE PRICE
Currency code Rs.
Price amount 110.00
700 ## - ADDED ENTRY--PERSONAL NAME
Personal name Das J., Mullick S.K. & Chatterjee P.K.
906 ## - LOCAL DATA ELEMENT F, LDF (RLIN)
d B:61719-Oct-1993
c ETC
b 16.5
Holdings
Withdrawn status Lost status Damaged status Not for loan Home library Current library Date acquired Vendor Budget Code Cost, normal purchase price Bill number Full call number Barcode Date last seen Discount Cost, replacement price Bill Date Koha item type Original Barcode
Withdrawn       Cummins College of Engineering for Women Pune Cummins College of Engineering for Women Pune 21/10/1993 Pradeep Book Distributors ETC 93.50 617 621.38 CCEP-BK-2520 18/07/2023 16.5 110.00 19/10/1993 Books 002520